[Event "Moscow City Team-ch"]
[Site "Moscow"]
[Date "2021.09.11"]
[Round "1"]
[White "Zakhartsov, Vladimir"]
[Black "Kishiev, Famil"]
[Result "1-0"]
[WhiteElo "2506"]
[BlackElo "1861"]
[PlyCount "115"]
[EventDate "2021.09.11"]
[EventType "team-swiss"]
[EventRounds "7"]
[EventCountry "RUS"]
[SourceTitle "EXT 2022"]
[Source "ChessBase"]
[SourceDate "2021.10.06"]
[SourceVersion "1"]
[SourceVersionDate "2021.10.06"]
[SourceQuality "1"]

1. c4 Nf6 2. Nc3 g6 3. e4 d6 4. d4 Nbd7 5. Be3 e5 6. d5 Bg7 7. Be2 a6 8. h4 h5 9. f3 Rb8 10. Nh3 Nh7 11. Ng5 Nxg5 12. hxg5 Nf8 13. Qd2 Bd7 14. b4 f5 15. gxf6 Qxf6 16. 0-0-0 Nh7 17. g4 hxg4 18. fxg4 0-0 19. Rh2 Rf7 20. Rdh1 Bf8 21. g5 Qe7 22. Nd1 b5 23. c5 dxc5 24. bxc5 b4 25. Bc4 Qe8 26. c6 Bc8 27. d6 Be6 28. d7 Qe7 29. Bxe6 Qxe6 30. d8Q Rxd8 31. Qxd8 Qxc6+ 32. Rc2 Qxe4 33. Re1 c6 34. Bd2 Qf5 35. Rxc6 Rd7 36. Qe8 Rf7 37. Qxe5 Qd3 38. Re3 Qf1 39. Rxg6+ Bg7 40. Qd5 Nf8 41. Rc6 Kh7 42. Qd3+ Qxd3 43. Rxd3 a5 44. g6+ Nxg6 45. Rh3+ Kg8 46. Rxg6 Rc7+ 47. Kb1 Kf7 48. Rg2 Ke6 49. Rh7 Be5 50. Rxc7 Bxc7 51. Ne3 Kd6 52. Kc2 Kc5 53. Kb3 Kb5 54. Rg5+ Ka6 55. Nc4 Bd8 56. Rc5 Bh4 57. Rxa5+ Kb7 58. Bxb4 1-0

[Event "Moscow Time of the First U13"]
[Site "Moscow"]
[Date "2019.06.20"]
[Round "6"]
[White "Grunin, Denis"]
[Black "Kishiev, Famil"]
[Result "1/2-1/2"]
[WhiteElo "1471"]
[BlackElo "1591"]
[PlyCount "51"]
[EventDate "2019.06.17"]
[EventType "swiss"]
[EventRounds "9"]
[EventCountry "RUS"]
[SourceTitle "EXT 2021"]
[Source "ChessBase"]
[SourceDate "2020.10.23"]
[SourceVersion "1"]
[SourceVersionDate "2020.10.23"]
[SourceQuality "1"]

1. d4 d5 2. c4 e6 3. g3 b6 4. Bg2 Bb7 5. Nc3 Nf6 6. Bg5 Bb4 7. a3 Bxc3+ 8. bxc3 h6 9. Bxf6 Qxf6 10. cxd5 exd5 11. c4 c6 12. cxd5 cxd5 13. Nf3 Nd7 14. Rc1 Qd6 15. Qb3 0-0 16. 0-0 Rac8 17. Qb2 Ba6 18. Rfd1 Rfe8 19. e3 Bc4 20. Rc3 b5 21. Rdc1 Rb8 22. Nd2 Nf6 23. Qb4 Qd8 24. Nb3 Qb6 25. Qc5 Nd7 26. Qxb6 1/2-1/2